| 000 | 00417nam a22001697a 4500 | ||
|---|---|---|---|
| 003 | CEME | ||
| 005 | 20210628203414.0 | ||
| 008 | 210118b xxu||||| |||| 00| 0 eng d | ||
| 040 | _cceme | ||
| 082 | _a297.7 MUH | ||
| 100 |
_aMuhammad Basir, Maulana _965237 |
||
| 245 | _aSachi hakayaat | ||
| 260 |
_aLAHORE _bFARID BOOK STALL _c1980 |
||
| 300 | _a351P | ||
| 650 |
_aISLAM-SACHI HAKAYAAT _965238 |
||
| 942 |
_cBK _2ddc |
||
| 999 |
_c573511 _d573511 |
||